000 00375nam a2200133Ia 4500
005 20260328104322.0
008 260328s9999||||xx |||||||||||||| ||und||
100 _ade Solà-Morales, Ignasi
245 0 _aDiferencias. Topografía de La Arquitectura Contemporánea /
_cIgnasi de Solà-Morales
260 _bGustavo Gili
300 _a181 p.
650 _aTEORÍA
942 _cBK
999 _c11374
_d11374